Ibu ratu hatiku (Record no. 132262)

MARC details
000 -LEADER
fixed length control field 00825nam a2200277 i 4500
001 - CONTROL NUMBER
control field C2-0333757
003 - CONTROL NUMBER IDENTIFIER
control field PPAK
005 - DATE AND TIME OF LATEST TRANSACTION
control field 20180728133701.0
008 - FIXED-LENGTH DATA ELEMENTS--GENERAL INFORMATION
fixed length control field 151001s2015 my a|||| ||||| | may d
020 ## - INTERNATIONAL STANDARD BOOK NUMBER
International Standard Book Number 9789675463808
040 ## - CATALOGING SOURCE
Original cataloging agency PPAK
Language of cataloging eng
Transcribing agency PPAK
Description conventions rda
082 04 - DEWEY DECIMAL CLASSIFICATION NUMBER
Classification number 499.2386
Edition number 23
090 00 - LOCALLY ASSIGNED LC-TYPE CALL NUMBER (OCLC); LOCAL CALL NUMBER (RLIN)
Classification number (OCLC) (R) ; Classification number, CALL (RLIN) (NR) 499.2386
Feature heading AIZ
Feature heading K
100 0# - MAIN ENTRY--PERSONAL NAME
Personal name Aizat Hilmi,
Relator term author
245 10 - TITLE STATEMENT
Title Ibu ratu hatiku
264 #1 - PRODUCTION, PUBLICATION, DISTRIBUTION, MANUFACTURE, AND COPYRIGHT NOTICE
Place of production, publication, distribution, manufacture Batu Caves, Selangor :
Name of producer, publisher, distributor, manufacturer Semangat Integrasi Enterprise ,
Date of production, publication, distribution, manufacture, or copyright notice 2015
300 ## - PHYSICAL DESCRIPTION
Extent 60 pages :
Other physical details illustrations ;
Dimensions 21 cm
336 ## - CONTENT TYPE
Source rdacontent
Content type term text
337 ## - MEDIA TYPE
Source rdamedia
Media type term unmediated
338 ## - CARRIER TYPE
Source rdacarrier
Carrier type term volume
490 1# - SERIES STATEMENT
Series statement Siri bacaan pelangi kehidupan
500 ## - GENERAL NOTE
General note Includes indexes ; Includes glossary
650 10 - SUBJECT ADDED ENTRY--TOPICAL TERM
Topical term or geographic name entry element Malay language - Readers.
830 #0 - SERIES ADDED ENTRY--UNIFORM TITLE
Uniform title Siri bacaan pelangi kehidupan
942 ## - ADDED ENTRY ELEMENTS (KOHA)
-- dc
Koha item type Book
Holdings
Withdrawn Not for loan Current library Shelving location Date acquired Total Checkouts Full call number Barcode Date last seen Koha item type
    PD02, Kg. Banggol Besi, Pendang Pinjaman Kanak-kanak 04/10/2015   K 499.2386 AIZ A01457742 09/05/2018 Book
    PD03, Kg. Pulau Pisang, Jitra Pinjaman Kanak-kanak 04/10/2015   K 499.2386 AIZ A01457740 09/05/2018 Book
    PD06, Kg. Kepala Bukit, Pendang Pinjaman Kanak-kanak 04/10/2015   K 499.2386 AIZ A01457735 09/05/2018 Book
    PD07, Kg. Jelutong, Sik Pinjaman Kanak-kanak 04/10/2015   K 499.2386 AIZ A01457736 09/05/2018 Book
    PD11, Felda Teloi Kanan, Kuala Ketil Pinjaman Kanak-kanak 04/10/2015   K 499.2386 AIZ A01457744 09/05/2018 Book
    PD15, Kg. Naga, Kepala Batas Pinjaman Kanak-kanak 04/10/2015   K 499.2386 AIZ A01457737 09/05/2018 Book
    PD20, Felda Lubuk Merbau, Pendang Pinjaman Kanak-kanak 04/10/2015   K 499.2386 AIZ A01457738 09/05/2018 Book
    PD24, Felda Bukit Tangga, Bukit Kayu Hitam Pinjaman Kanak-kanak 04/10/2015   K 499.2386 AIZ A01457743 09/05/2018 Book